000 00334nam a22001457a 4500
008 230322b ||||| |||| 00| 0 eng d
020 _a9781598220346
041 _aeng
080 _22ND EDITION
_a004
082 _a004PED
100 _a18
101 _aSHKP
245 _aGAME DESING FOUNDATIONS
_cPEDERSEN .E.R
942 _2udc
_cBK
999 _c59425
_d59425